Normal view
MARC view
Entry Personal Name
001 - CONTROL NUMBER
- control field: 165771
003 - CONTROL NUMBER IDENTIFIER
- control field: OSt
005 - DATE AND TIME OF LATEST TRANSACTION
- control field: 20220923222038.0
008 - FIXED-LENGTH DATA ELEMENTS
- fixed length control field: 220923|| aca||aabn | a|a d
040 ## - CATALOGING SOURCE
- Original cataloging agency: OSt
- Transcribing agency: OSt
100 ## - HEADING--PERSONAL NAME
- Personal name: सरस्वती देवी, आई; रेड्डी रेड्डी, बालशौरि, अनु
670 ## - SOURCE DATA FOUND
- Source citation: Work cat.: (OSt)353543: सरस्वती देवी, आई; रेड्डी रेड्डी, बालशौरि, अनु., स्वर्ण कमल, अनु बालशौरि रेड्डी रेड्डी रेड्डी रेड्डी, 1992
